000 00413nam a22001697a 4500
003 OSt
005 20211110122909.0
008 211110b |||||||| |||| 00| 0 eng d
020 _a0805838376
040 _cHU
082 _a306.43/ETH
100 _aN. KEN SHIMAHARA
_917700
245 _aETHNICITY RACE AND NATIONALITY IN EDUCATION
260 _aLONDON
_bLEA
_c2001
300 _a290P
942 _2ddc
_cBOOKS
_n0
999 _c17505
_d17505